| 000 | 02093nam a22003737a 4500 | ||
|---|---|---|---|
| 003 | CHAP | ||
| 005 | 20240520121116.0 | ||
| 007 | ta | ||
| 008 | 220805s2019 mx edobfr||||a001 0 spa d | ||
| 040 | _amxchpua | ||
| 090 |
_aT.C.825 _bL36 EIUPA _c2019 |
||
| 245 | 1 | 0 |
_aEstudio Integral de una Unidad de Producción Agroindustrial en la empresa S.A.T. N°5645 El Olivo en Vilches, Jaén, España / _ccoordinadores Patricia Landa Salgado y Diana América Reyna Izaguirre ; colaboradores Jonathan Leonardo Aguilar Cruz...[y otros] |
| 260 |
_aChapingo, México : _bEl autor, _c2019 |
||
| 300 |
_a88 hojas : _bgráficas, mapas, diagramas, fotos, planos + _e1 CD-ROM |
||
| 336 |
_2rdacontent _atext _btxt |
||
| 337 |
_2rdamedia _asin medio _bn |
||
| 338 |
_2rdacarrier _avolumen _bnc |
||
| 500 | _aGrado: 7° Grupo: 5 | ||
| 502 |
_aViaje de Estudios _b(EIUPA) _cUACh. Departamento de Ingeniería Agroindustrial, _d2019 |
||
| 504 | _aBibliografía: hojas 81-83 | ||
| 505 | 0 | _aContiene 4 planos : -- 1. Distribución de áreas (Esc. 1:175) -- 2. Distribución de equipo -- 3. Diagrama de recorrido -- 4. DTI | |
| 650 | 1 | 3 |
_9442 _aAceite de oliva |
| 650 | 1 | 3 |
_aIndustria de la grasa y el aceite _zEspaña |
| 650 | 1 | 3 |
_9155374 _aOlive oil |
| 650 | 1 | 3 |
_aFats and oils industry _zEspaña |
| 700 | 1 |
_aLanda Salgado, Patricia _ecoordinadora |
|
| 700 | 1 |
_aReyna Izaguirre, Diana América _ecoordinadora _9147338 |
|
| 700 | 1 |
_9163099 _aAguilar Cruz, Jonathan Leonardo _ecolaborador |
|
| 856 | 4 | 1 |
_uhttp://10.13.5.2/ve/T_C_825_EIUPA/T_C_825_EIUPA_2019_REPORTE.pdf _yDESCARGAR REPORTE |
| 856 | 4 | 1 |
_uhttp://10.13.5.2/ve/T_C_825_EIUPA/T_C_825_EIUPA_2019_PLANO_DISTRIBUCION_DE_AREAS.pdf _yDESCARGAR DISTRIBUCIÓN DE ÁREAS (ESC. 1:175) |
| 856 | 4 | 1 |
_uhttp://10.13.5.2/ve/T_C_825_EIUPA/T_C_825_EIUPA_2019_PLANO_DISTRIBUCION_DE_EQUIPOS.pdf _yDESCARGAR DISTRIBUCIÓN DE EQUIPO |
| 856 | 4 | 1 |
_uhttp://10.13.5.2/ve/T_C_825_EIUPA/T_C_825_EIUPA_2019_PLANO_DIAGRAMA_DE_RECORRIDO.pdf _yDESCARGAR DIAGRAMA DE RECORRIDO |
| 856 | 4 | 1 |
_uhttp://10.13.5.2/ve/T_C_825_EIUPA/T_C_825_EIUPA_2019_PLANO_DTI.pdf _yDESCARGAR DTI |
| 999 |
_c217559 _d217559 |
||